Геологическая история Земли - Statistics

General Stats
  • This quiz has been taken 4 times
  • The average score is 16 of 36
Answer Stats
Hint Answer % Correct
541 – 252 млн лет назад - Кембрийский взрыв (541–521 млн): появление всех основных типов животных с твёрдыми скелетами. - Колонизация суши: растения (~470 млн), членистоногие (~420 млн), амфибии (~370 млн). - Появление лесов, первых рептилий (~320 млн). - Суперконтинент Пангея формируется (~300 млн). - Пермское вымирание (252 млн): гибель ~96% морских и ~70% наземных видов (вулканизм Сибирских траппов). Палеозой
100%
252 – 66 млн лет назад - "Эра д Raffles": доминирование динозавров, птерозавров, морских рептилий. - Появление первых млекопитающих (~225 млн), птиц (~150 млн), цветковых растений (~130 млн). - Распад Пангеи: Лавразия + Гондвана (~200 млн). - Тёплый климат, высокие океаны. - Мел-палеогеновое вымирание (66 млн): астероид + вулканизм Деканских траппов → гибель динозавров (кроме птиц). Мезозой
100%
~4,6–4,0 млрд лет назад - Формирование Земли из протопланетного диска.- Интенсивная бомбардировка метеоритами (Поздняя тяжёлая бомбардировка). - Образование первых океанов (из пара комет/вулканических газов). - Появление первых минералов (циркон ~4,4 млрд лет). - Нет жизни (или только гипотетические химические предшественники). Катархей
50%
~4,0–2,5 млрд лет назад - Формирование первых стабильных континентальных щитов (кратоны).- Появление прокариотической жизни (~3,5 млрд лет назад) — строматолиты, цианобактерии. - Кислородная революция начинается в конце эона (фотосинтез). - Атмосфера: метан, CO₂, без свободного O₂. - Океаны тёплые, вулканизм активен. Архей
50%
~2,5 млрд – 541 млн лет назад - Великое кислородное событие (~2,4 млрд лет): O₂ накапливается в атмосфере.- Появление эукариот (~1,8 млрд лет). - Многократные глобальные оледенения ("Снежный ком Земли"). - Формирование суперконтинента Родиния (~1 млрд лет), затем его распад. - Первые многоклеточные организмы (~1 млрд лет), эдиакарская биота в конце. Протерозой
50%
541 млн лет назад — настоящее время - Кембрийский взрыв: бурное разнообразие многоклеточных животных с твёрдыми скелетами.- Колонизация суши растениями (~470 млн), затем животными. - Появление рыб, амфибий, рептилий, млекопитающих, птиц, цветковых растений. - 5 массовых вымираний (самое сильное — пермское, 96% видов). - Формирование и распад Пангеи. - Эволюция человека (~300 тыс. лет назад). Фанерозой
50%
4000 – 3600 млн лет назад - Остывание коры, формирование первых гранитных кратонитов (Пилбара, Каапвааль). - Древнейшие минералы — цирконы (~4,4 млрд лет). - Океаны жидкие, но горячие (~70–100 °C), кислотные. - Химическая предбиологическая эволюция (в гидротермальных источниках). - Нет достоверных следов жизни. Эоархей
50%
3600 – 3200 млн лет назад - Первые достоверные следы жизни (~3,5 млрд лет): микробные маты, строматолиты (Варравуна, Австралия). - Анаэробные прокариоты (археи, бактерии) — хемосинтез. - Формирование зелёнокаменных поясов (вулканиты + осадки). - Атмосфера: CO₂, CH₄, NH₃, без O₂. - Интенсивный вулканизм и метеоритные бомбардировки. Палеоархей
50%
3200 – 2800 млн лет назад - Появление фотосинтеза без кислорода (анаэробный, с серой). - Рост континентальных щитов, первые микроконтиненты. - Строматолиты становятся массовыми (например, в Южной Африке). - Океаны всё ещё бескислородные, но богаты железом. - Формирование суперконтинента Ваальбара (~3,1 млрд). Мезоархей
50%
2800 – 2500 млн лет назад - Начало кислородного фотосинтеза (цианобактерии). - Первые локальные скопления O₂ в мелководьях. - Формирование крупных кратонических платформ. - Суперконтинент Кенорланд (~2,7 млрд). - Переход к протерозою: подготовка к Великому кислородному событию. Неоархей
50%
2500 – 1600 млн лет назад - Великое кислородное событие (~2400–2100 млн): цианобактерии насыщают атмосферу O₂ → окисление железа (полосчатые железные формации). - Появление эукариот (~1850 млн): клетки с ядром. - Первое глобальное оледенение Гуронское (~2400 млн). - Формирование первых крупных континентальных масс (кратоны). - Суперконтинент Колумбия (~1800–1500 млн). Палеопротерозой
50%
1600 – 1000 млн лет назад - Стабилизация кислородного уровня (~1–10% от современного). - Появление полового размножения и многоклеточных красных водорослей (~1200 млн). - Суперконтинент Родиния формируется (~1100 млн). - Тёплый климат, обширные мелководные моря. - Развитие строматолитов, но жизнь ещё микроскопическая. Мезопротерозой
50%
1000 – 541 млн лет назад - Распад Родинии (~750 млн). - Крайние оледенения "Снежный ком Земли" (~720–635 млн): Земля почти полностью замёрзла. - Эдиакарская биота (~575–541 млн): первые крупные многоклеточные организмы (мягкотелые, похожие на медуз/черви). - Резкий рост O₂ до ~10–20% от современного уровня. - Появление первых животных с двусторонней симметрией. Неопротерозой
50%
66 млн лет назад — настоящее время - "Эра млекопитающих": быстрое разнообразие млекопитающих, птиц, насекомых. - Появление приматов (~55 млн), гоминид (~6 млн), человека разумного (~300 тыс.). - Охлаждение климата: ледниковые периоды (с ~2,6 млн). - Формирование современных континентов, гор (Гималаи ~50 млн). - Развитие травяных экосистем, массовое вымирание мегафауны (~12 тыс. лет назад). Кайнозой
50%
2,5–2,3 млрд лет назад Великое кислородное событие. Ключ: полосчатые железные формации.23 Сидерий
50%
2,3-2,05 млрд лет назад Гуронское оледенение. Ключ: "Земля-снежок" №1. Рясий
50%
2,05-1,8 млрд лет назад Эукариоты появляются. Ключ: грипании ~1,9 млрд. Орозирий
50%
1,8-1,6 млрд лет назад Суперконтинент Колумбия. Ключ: стабилизация кратонитов. Статерий
50%
1,6-1,4 млрд лет назад Половое размножение. Ключ: красные водоросли ~1,2 млрд. Калимий
50%
1,4-1,2 млрд лет назад Тёплый климат, мелководья. Ключ: строматолиты в расцвете. Эктазий
50%
1,2-1,0 млрд лет назад Родиния формируется. Ключ: суперконтинент ~1,1 млрд. Стений
50%
0,72-0,635 млрд лет назад "Снежный ком Земли". Ключ: глобальное оледенение. Криогений
50%
541-485 млн лет назад Кембрийский взрыв. Ключ: трилобиты, все типы животных. Кембрий
50%
443-419 млн лет назад Первые сосудистые растения, рыбы. Ключ: коралловые рифы. Силур
50%
419-358 млн лет назад "Век рыб", леса, амфибии. Ключ: девонское вымирание. Девон
50%
298-252 млн лет назад Рептилии, Пангея. Ключ: пермское вымирание (96%). Пермь
50%
252-201 млн лет назад Восстановление после перми, динозавры. Ключ: триасовое вымирание. Триас
50%
201-145 млн лет назад Золотой век динозавров, птицы. Ключ: археоптерикс. Юра
50%
145-66 млн лет назад Цветковые растения, змеи. Ключ: астероид Чиксулуб → вымирание динозавров. Мел
50%
2,6 млн лет назад - н.в. → Плейстоцен (2,6 млн – 11,7 тыс.) Ледниковые циклы, мамонты. Ключ: Homo sapiens ~300 тыс.. → Голоцен (11,7 тыс. – 4,2 тыс. лет назад) Потепление, земледелие. Ключ: неолитическая революция. → Антропоцен (с ~1950, неофиц.) Человеческое влияние. Ключ: ядерные следы, пластик. Четвертичный
50%
1,0-0,72 млрд лет назад Распад Родинии. Ключ: рифты, вулканизм. Тоний
0%
0,635-0,541 млрд лет назад Эдиакарская биота. Ключ: первые многоклеточные ~575 млн. Эдиакарий
0%
485-443 млн лет назад Колонизация суши растениями. Ключ: ордовикское вымирание (85% видов). Ордовик
0%
358-298 млн лет назад Гигантские леса, уголь. Ключ: O₂ до 35%. Каменноугольный
0%
66-23 млн лет назад → Палеоцен (66–56) Восстановление, приматы. Ключ: теплый парниковый климат. → Эоцен (56–34) Пик тепла, киты в океане. Ключ: эоцен-олигоценовое вымирание. → Олигоцен (34–23) Охлаждение, травы. Ключ: появление человекообразных. Палеоген
0%
23-2,6 млн лет назад → Миоцен (23–5,3) Саванны, гоминиды. Ключ: закрытие Панамского перешейка. → Плиоцен (5,3–2,6) Ледниковые периоды начинаются. Ключ: Homo habilis. Неоген
0%
No matching quizzes found
Score Distribution
Percent of People with Each Score
Percentile by Number Answered
Your Score History
You have not taken this quiz